000 00430nam a2200181Ia 4500
001 24307
005 20260414151034.0
008 260414t2010||||xx |||||||||||||| ||spa||
041 _aESP
082 _a345.2
_bV66
100 _aVilla Stein, Javier
_eAUT
245 0 _aLos recursos procesales penales
_b
260 _c2010
300 _a222 páginas :
_c24 cm.
650 _aDER
654 _aCDE
942 _cLIB
_dJUS
_fJUS
_2ddc
_n
999 _c24307
_d24307